MARC

Tag First Indicator Second Indicator Subfields
LEADER 00000cam a2200000 4500
001 in00000068408
005 20151008052003.0
008 720217s1905 nyu b 00000 eng u
010 |a  05003795  
035 |a (OCoLC)00244631 
035 |9 AAH1083AM 
040 |c WSU  |d TXA  |d UtOrBLW 
049 |a TXAM  |c [1638] 
050 0 |a HD8072  |b .A25 
092 |a 331.8  |b A218 
100 1 |a Adams, Thomas Sewall,  |d 1873-1933. 
245 1 0 |a Labor problems /  |c a text book, by Thomas Sewall Adams and Helen L Sumner. 
264 1 |a New York :  |b The Macmillan company,  |a London :  |b Macmillan & co., ltd.,  |c [1905] 
264 4 |c ©1905 
300 |a  579 pages 
336 |a text  |b txt  |2 rdacontent 
337 |a unmediated  |b n  |2 rdamedia 
338 |a volume  |b nc  |2 rdacarrier 
490 0 |a Labor problems 
504 |a Bibliography: pages 15-16. 
650 0 |a Working class  |z United States. 
650 0 |a Labor movement  |z United States. 
650 0 |a Labor  |z United States. 
700 1 |a Sumner, Helen L.  |q (Helen Laura),  |d 1876-1933. 
700 1 |a Ely, Richard T.  |q (Richard Theodore),  |d 1854-1943. 
999 |a MARS 
999 f f |s 6725a3b2-6053-3438-b8ae-0da68f8ace64  |i 2b65ae5e-f717-3905-b39c-6185e468c2c1  |t 0 
952 f f |p normal  |a Texas A&M University  |b College Station  |c Sterling C. Evans Library  |d Evans: Library Stacks  |t 0  |e HD8072 .A25  |h Library of Congress classification  |i unmediated -- volume  |m A14808819840 
998 f f |a HD8072 .A25  |t 0  |l Evans: Library Stacks